000
00301nam a22001217a 4500
020
_a
9780070601680
082
_a
005.73
_b
LIP/DA
100
_a
Lipschutz, Seymour
245
_a
Data structures
260
_a
New Delhi
_b
Tata McGraw Hill Education
_c
2012
700
_a
Pai, Vijayalakshmi G A
942
_c
BK
999
_c
13935
_d
13935